000 00786nam a22002177a 4500
010 _aA-707131
020 _a812300043
_c300.00
035 _aA-707131
037 _bCen Lib / Ret
040 _aDPL
_bEN
082 _a080
_bRAO
100 _aRao, P. V. Narasimha
245 _aP. V. Narasimha Rao selected speeches /
_cby P. V. Narasimha Rao
260 _aDelhi
_bPublications Division, Ministry of Information and Broadcasting, Govt. of India,
_c1994
270 _aPublications Division, Ministry of Information and Broadcasting, Govt. of India,
_bDelhi
300 _axv, 475p
_b27cm(Hb)
505 _av 2. July 1992 - June 1993
650 _aIndia -- Politics and government -- 1977-
650 _aPolitics and government
942 _2ddc
_cEN
_h080
_mRAO
999 _c136827
_d136827